Loading...
| Literature - American | 0 | 8 | 1 | 0 | 75 | 23 | 42.38 | 2 | 8 | 0.00 | 0.00 |
| Literature - World | 0 | 8 | 2 | 0 | 70 | 26 | 51.63 | 5 | 7 | 0.00 | 0.00 |
| Literature - British | 0 | 7 | 0 | 1 | 70 | 34 | 64.71 | 1 | 3 | 0.00 | 0.00 |
| Literature - European | 0 | 7 | 1 | 0 | 65 | 21 | 48.14 | 3 | 7 | 0.00 | 0.00 |
| History - Other | 0 | 6 | 0 | 0 | 60 | 31 | 70.50 | 1 | 4 | 0.00 | 0.00 |
| Mythology | 0 | 5 | 0 | 0 | 50 | 37 | 72.60 | 0 | 2 | 0.00 | 0.00 |
| Fine Arts - Classical Music | 0 | 5 | 1 | 1 | 45 | 62 | 93.00 | 0 | 1 | 0.00 | 0.00 |
| Science - Physics | 0 | 4 | 0 | 0 | 40 | 42 | 71.75 | 0 | 1 | 0.00 | 0.00 |
| History - World | 0 | 4 | 0 | 1 | 40 | 56 | 84.50 | 0 | 1 | 0.00 | 0.00 |
| Philosophy | 0 | 3 | 0 | 0 | 30 | 45 | 51.67 | 1 | 2 | 0.00 | 0.00 |
| History - European | 0 | 3 | 0 | 0 | 30 | 88 | 92.67 | 0 | 0 | 0.00 | 0.00 |
| Science - Chemistry | 0 | 3 | 1 | 0 | 25 | 52 | 76.00 | 0 | 2 | 0.00 | 0.00 |
| Fine Arts - Painting and Sculpture | 0 | 3 | 1 | 0 | 25 | 38 | 71.67 | 1 | 1 | 0.00 | 0.00 |
| Popular Culture | 0 | 2 | 0 | 0 | 20 | 73 | 82.00 | 0 | 1 | 0.00 | 0.00 |
| Religion | 0 | 2 | 0 | 0 | 20 | 61 | 62.00 | 0 | 1 | 0.00 | 0.00 |
| Science - Other | 0 | 2 | 1 | 1 | 15 | 111 | 116.00 | 0 | 1 | 0.00 | 0.00 |
| Fine Arts - Other | 0 | 1 | 0 | 0 | 10 | 63 | 63.00 | 0 | 1 | 0.00 | 0.00 |
| Social Science | 0 | 1 | 1 | 0 | 5 | 95 | 95.00 | 0 | 0 | 0.00 | 0.00 |
| Science - Biology | 0 | 1 | 1 | 1 | 5 | 104 | 104.00 | 0 | 0 | 0.00 | 0.00 |
| Geography | 0 | 1 | 1 | 0 | 5 | 51 | 51.00 | 1 | 1 | 0.00 | 0.00 |
| History - American | 0 | 1 | 1 | 0 | 5 | 67 | 67.00 | 0 | 0 | 0.00 | 0.00 |